Statistics for Countries That Beat Somalia

Click here to take the quiz!

General Stats

  • This quiz has been taken 50 times
  • The average score is 9 of 16

Answer Stats

RankCategoryAnswer% Correct
5Poorest by GDP (PPP) per capitaBurundi | South Sudan | Central African Republic | Democratic Republic of the Congo
92%
12Smallest economy in mainland AfricaGuinea-Bissau | Gambia | Lesotho | Eritrea | Central African Republic | Burundi | Liberia | Djibouti | Sierra Leone | Eswatini | South Sudan
92%
8Least peacefulAfghanistan | Yemen | Syria | Russia | South Sudan | Democratic Republic of the Congo | Iraq
89%
2Longest African coastlineMadagascar
79%
2Has most spoken Cushitic languageEthiopia
74%
3Most terrorism (GTI)Afghanistan | Iraq
66%
3Highest percentage MuslimMaldives | Mauritania
55%
2Highest fertility rateNiger
53%
4Largest camel meat producerSudan | Saudi Arabia | Kenya
53%
6Lowest life expectancyCentral African Republic | Chad | Lesotho | Nigeria | Sierra Leone
50%
2Produces the most camel milkKenya
42%
2Southernmost Arab League memberComoros
39%
3Lowest electricity consumption per capitaChad | Guinea-Bissau
32%
2Lowest Christian populationMaldives
32%
2Least religiously diverseYemen
21%
7Cheapest mobile data per gigabyteIndia | Israel | Kyrgyzstan | Italy | Ukraine | Kazakhstan
11%

Score Distribution

Percentile by Number Answered

Percent of People with Each Score

Your Score History

You have not taken this quiz